Introducción a la historia del arte : el siglo XIX

Bibliographic Details
Main Author: Reynolds, Donal Martin
Format: Section = Libro
Language:Undetermined
Spanish
Published: Barcelona Gustavo Gili 1987
Edition:2a.ed.
Subjects:
LEADER 00536nam a2200193Ia 4500
008 240829s9999 xx 000 0 und d
020 |a 84-252-1240-5 
040 |a BIBLIOTECA-RUSB/ Ref 709.034 R462 
041 |a spa 
082 |a Ref 709.034 R462 
100 1 |a Reynolds, Donal Martin 
245 1 0 |a Introducción a la historia del arte : el siglo XIX 
250 |a 2a.ed. 
260 |a Barcelona  |b Gustavo Gili  |c 1987 
300 |a 147 p. :il. 
650 7 |a NEOLASISMO Y ROMANTICISMO-SIGLO XIX 
942 |c BK  |2 ddc 
991 |a TEXTO 
999 |c 6388